Podniková kultúra ako nástroj konkurencieschopnosti

Identifikácia a zhodnotenie problémov pri formovaní podnikovej kultúry vo vybranom súbore podnikateľských subjektov. Výskum bol realizovaný formou dotazníka a osobného rozhovoru na vzorke piatich priemyselne orientovaných podnikateľských subjektov.

Uložené v:
Podrobná bibliografia
Hlavný autor: Sedliaková, Ingrida
Ďalší autori: Lenčéšová, Lucia
Médium: Kapitola
Jazyk:Slovak
Predmet:
Tagy: Pridať tag
Žiadne tagy, Buďte prvý, kto otaguje tento záznam!

MARC

LEADER 00000naa a2200000 4500
001 0156969
005 20221103131159.5
041 0 |a slo 
044 |a SK 
245 1 0 |a Podniková kultúra ako nástroj konkurencieschopnosti  |c Ingrida Sedliaková, Lucia Lenčéšová 
520 |a Identifikácia a zhodnotenie problémov pri formovaní podnikovej kultúry vo vybranom súbore podnikateľských subjektov. Výskum bol realizovaný formou dotazníka a osobného rozhovoru na vzorke piatich priemyselne orientovaných podnikateľských subjektov. 
610 2 0 |a podnik 
610 2 0 |a kultúra podniková 
610 2 0 |a konkurencieschopnosť 
610 2 0 |a výhody konkurenčné 
100 1 |a Sedliaková, Ingrida 
700 1 |a Lenčéšová, Lucia